Στροφοειδής καμπύλη κογχοειδείς καμπύλες αρχιμηδεία έλικα λογαριθμική έλικα : γεωμετρική κατασκευή της εφαπτόμενης των κωνικών τόμων, της κυκλοειδούς καμπύλης της αλυσοειδούς καμπύλης, του λημνίσκου, της ελκόμενης, της γραφικής παράστασης των εκθετικών εξισώσεων
Αποθηκεύτηκε σε:
| Κύριος συγγραφέας: | |
|---|---|
| Μορφή: | Βιβλίο |
| Γλώσσα: | Greek |
| Δημοσίευση: |
Αθήνα :
[χ.ό],
1988
|
| Θέματα: | |
| Ετικέτες: |
Προσθήκη ετικέτας
Δεν υπάρχουν, Καταχωρήστε ετικέτα πρώτοι!
|
MARC
| LEADER | 00000cam a2200000 a 4500 | ||
|---|---|---|---|
| 001 | 1/107510 | ||
| 008 | 150716s1988####gr | ||| |||| ||gre|| | ||
| 040 | |a GR-MyUa |b gre |c GR-MyUa |e AACR2 | ||
| 041 | 0 | |a gre | |
| 082 | 7 | |a 561.183 |2 (23) | |
| 100 | 1 | |a Κισκύρας, Νικόλαος Α. | |
| 245 | 1 | 0 | |a Στροφοειδής καμπύλη κογχοειδείς καμπύλες αρχιμηδεία έλικα λογαριθμική έλικα : |b γεωμετρική κατασκευή της εφαπτόμενης των κωνικών τόμων, της κυκλοειδούς καμπύλης της αλυσοειδούς καμπύλης, του λημνίσκου, της ελκόμενης, της γραφικής παράστασης των εκθετικών εξισώσεων / |c Νικ. Α. Κισκύρας. |
| 260 | |a Αθήνα : |b [χ.ό], |c 1988 | ||
| 300 | |a 51 σ. : |b σχέδια ; |c 24 εκ. | ||
| 500 | |a Ιδιότητες των ευθειών του Simson υπό γωνίαν. | ||
| 650 | 0 | |a Line geometry. | |
| 852 | |a INST |b SAMOS |c MAG |e 20150716 |h 561.183 ΚΙΣ |p 005300035642 |q 005300035642 |t BK |y 0 | ||
| 970 | |a Σιτζίμη |b Γιασεμή |z 16/07/2015 | ||